| 000 | 00432nam a22001217a 4500 | ||
|---|---|---|---|
| 082 | _aPRO 220 | ||
| 100 |
_aNS M. Ahmed Vohra NS Muhammad Zubair PC Hamza Khalid ASSISTANT _970820 |
||
| 245 | _aPR-SOF-1533-REVERSE ENGINEERING OF FLESHING AND SHAVING BLADES USED IN LEATHER INDUSTRY | ||
| 260 |
_aISLAMABAD _bNUST COLLEGE OF EME _c2016 |
||
| 650 | _a DE-MECH-34 | ||
| 700 |
_aSUPERVISOR PROFESSOR SAHEEB A. KAYANI _970821 |
||
| 942 | _cCR | ||
| 999 |
_c577672 _d577672 |
||